000 01223 a2200277 4500
003 Nust
005 20221019123630.0
010 _a 97073305
020 _a0764501046 (pbk.)
035 _a(DLC) 97073305
035 _a(OCoLC)37613368
040 _cNust
082 0 0 _a620.0042285,SMI
100 1 _aSmith, Bud E.
_9100799
245 1 0 _aAutoCAD release 14 for dummies /
_c Bud Smith.
246 3 0 _aAutoCAD release fourteen for dummies
260 _aFoster City, CA :
_bIDG Books Worldwide,
_cc1997.
300 _axx, 340 p. :
_bill. ;
_c24 cm.
440 0 _a--For dummies
_98103
505 _aPart-1: AutoCAD 101 (Page-1), Part-2: Let there be Lines (Page-117), Part-3: Make your Drawing Beautiful (Page-195), Part-4: Having it your Way (Page-251), Part-5: The Part of Tens (Page-291), Part-6: Appendixes (Page-307), Index (Page-325).
650 0 _aComputer graphics.
_91225
856 4 2 _3Contributor biographical information
_uhttp://www.loc.gov/catdir/enhancements/fy0607/97073305-b.html
856 4 2 _3Publisher description
_uhttp://www.loc.gov/catdir/enhancements/fy0607/97073305-d.html
856 4 2 _3Table of contents only
_uhttp://www.loc.gov/catdir/enhancements/fy0607/97073305-t.html
942 _2ddc
_cBK
999 _c182749
_d182749